Statystyki dla Flagi państw do góry nogami

Kliknij tutaj aby rozwiązać quiz!

Ogólne statystyki

  • Ten quiz został rozwiązany 25 razy
  • Średni wynik to 22 z 24

Statystyki odpowiedzi

Odpowiedź% Poprawnych
Indonezja
100%
Luksemburg
100%
Nepal
100%
Niger
100%
Pakistan
100%
Polska
100%
Rosja
100%
Bułgaria
95%
Estonia
95%
Holandia
95%
Malta
95%
Nigeria
95%
Panama
95%
Wenezuela
95%
Bhutan
91%
Czad
91%
Malezja
91%
Trynidad i tobago
91%
Jemen
86%
Mongolia
86%
Boliwia
82%
Nikaragua
82%
ZEA
82%
Belize
73%

Rozkład punktacji

Percentyl według liczby udzielonych odpowiedzi

Procent ludzi z każdym wynikiem

Twoja historia wyników

Nie rozwiązałeś tego quizu